000
00268nam a22000977a 4500
999
_c
513679
_d
513679
082
_a
A45:V5 KERA/2017-18
100
_a
Kerala State Electricity Regulatory Commission
_9
16853
245
_a
Annual report, 2017-18
260
_a
Trivandrum
_b
The author
_c
2018
300
_a
83p.